| 000 | 00565nam a2200193 u 4500 | ||
|---|---|---|---|
| 005 | 20240806063933.0 | ||
| 008 | 130424s2012 mx r 000 0 spa d | ||
| 020 | _a9786079574611 | ||
| 035 | _aUPN01000190827 | ||
| 049 | _aCG | ||
| 050 | 4 |
_aPQ7298.19 Z7.8 _bE8.7 |
|
| 100 | 1 |
_aIzquierdo Sánchez, Miguel Angel, _d1953- _934056 |
|
| 245 | 1 | 0 |
_aEstampas y relatos de viaje / _cMiguel Angel Izquierdo Sánchez. |
| 260 |
_aMéxico : _bEl autor, _cc2012. |
||
| 300 |
_a129 p. : _bil. |
||
| 650 | 4 |
_aLiteratura mexicana _94466 |
|
| 905 | _aLibro | ||
| 999 |
_c162930 _d162930 |
||